| 000 | 00462nam a2200193 a 4500 | ||
|---|---|---|---|
| 003 | AR-BaBNM | ||
| 005 | 20251128203617.0 | ||
| 008 | 082120s2002 ||||||||||||||000 | spa|| | ||
| 040 | _cAR-BaBNM | ||
| 100 | 1 | _aJuarros, César | |
| 245 | 0 | 0 |
_aEl niño que no tuvo infancia _bnovela |
| 260 |
_aMadrid _bMundo Latino _c1927 |
||
| 300 | _a207 p. | ||
| 650 | 4 | _aLITERATURA ESPAÑOLA | |
| 650 | 4 | _aNOVELAS | |
| 655 | _aLITERATURA | ||
| 942 | _cBK | ||
| 998 | _cisola | ||
| 999 |
_c4121 _d4121 |
||